Barron's how to prepare for the Toefl : test of English as a foreign language
A redesigned preparation guide includes a recommended study plan, three review chapters, and eight model exams, with answers explained to allow student self-assessment. Original.
Bewaard in:
| Hoofdauteur: | |
|---|---|
| Formaat: | Boek |
| Taal: | Undetermined |
| Gepubliceerd in: |
Thành phố Hồ Chí Minh
Trẻ
2006
|
| Onderwerpen: | |
| Tags: |
Voeg label toe
Geen labels, Wees de eerste die dit record labelt!
|
| Thư viện lưu trữ: | Trung tâm Học liệu Trường Đại học Cần Thơ |
|---|
| LEADER | 00913nam a2200229Ia 4500 | ||
|---|---|---|---|
| 001 | CTU_112966 | ||
| 008 | 210402s9999 xx 000 0 und d | ||
| 020 | |c 85000 | ||
| 082 | |a 428.0076 | ||
| 082 | |b S532 | ||
| 100 | |a Sharpe, Pamela J. | ||
| 245 | 0 | |a Barron's how to prepare for the Toefl : | |
| 245 | 0 | |b test of English as a foreign language | |
| 245 | 0 | |c Pamela J. Sharpe | |
| 260 | |a Thành phố Hồ Chí Minh | ||
| 260 | |b Trẻ | ||
| 260 | |c 2006 | ||
| 520 | |a A redesigned preparation guide includes a recommended study plan, three review chapters, and eight model exams, with answers explained to allow student self-assessment. Original. | ||
| 650 | |a English language,Test of english as a foreign language,English language | ||
| 650 | |x Textbooks for foreign speakers,Study guides,Examinations,Study guides | ||
| 904 | |i Minh | ||
| 980 | |a Trung tâm Học liệu Trường Đại học Cần Thơ | ||